<?xml version="1.0" encoding="UTF-8"?>
<record
    xmlns:xsi="http://www.w3.org/2001/XMLSchema-instance"
    xsi:schemaLocation="http://www.loc.gov/MARC21/slim http://www.loc.gov/standards/marcxml/schema/MARC21slim.xsd"
    xmlns="http://www.loc.gov/MARC21/slim">

  <leader>01022nam a22002657a 4500</leader>
  <datafield tag="952" ind1=" " ind2=" ">
    <subfield code="a">0001</subfield>
    <subfield code="b">0001</subfield>
    <subfield code="d">2022-03-18</subfield>
    <subfield code="l">0</subfield>
    <subfield code="o">321.8 D35 1999</subfield>
    <subfield code="p">020375</subfield>
    <subfield code="r">2022-03-18 00:00:00</subfield>
    <subfield code="w">2022-03-18</subfield>
    <subfield code="y">BKS</subfield>
  </datafield>
  <datafield tag="999" ind1=" " ind2=" ">
    <subfield code="c">14861</subfield>
    <subfield code="d">14861</subfield>
  </datafield>
  <controlfield tag="003">MIRAKIL</controlfield>
  <controlfield tag="005">20220318144727.0</controlfield>
  <controlfield tag="008">220318b        tu ||||| |||| 00| 0 tur d</controlfield>
  <datafield tag="020" ind1=" " ind2=" ">
    <subfield code="a">9757237108</subfield>
  </datafield>
  <datafield tag="040" ind1=" " ind2=" ">
    <subfield code="a">TR-AnCHP</subfield>
    <subfield code="c">TR-AnCHP</subfield>
  </datafield>
  <datafield tag="041" ind1=" " ind2=" ">
    <subfield code="a">tur</subfield>
  </datafield>
  <datafield tag="082" ind1=" " ind2=" ">
    <subfield code="a">321.8</subfield>
    <subfield code="b">D35 1999</subfield>
  </datafield>
  <datafield tag="245" ind1="1" ind2="0">
    <subfield code="a">Demokrasi ve farkl&#x131;l&#x131;k : </subfield>
    <subfield code="b">siyasal d&#xFC;zenin s&#x131;n&#x131;rlar&#x131;n&#x131;n tart&#x131;&#x15F;maya a&#xE7;&#x131;lmas&#x131; / </subfield>
    <subfield code="c">yay&#x131;ma haz&#x131;rlayan: Seyla Benhabib ; &#xE7;evirenler: Zeynep G&#xFC;rata, Cem G&#xFC;rsel</subfield>
  </datafield>
  <datafield tag="246" ind1=" " ind2=" ">
    <subfield code="a">siyasal d&#xFC;zenin s&#x131;n&#x131;rlar&#x131;n&#x131;n tart&#x131;&#x15F;maya a&#xE7;&#x131;lmas&#x131;</subfield>
  </datafield>
  <datafield tag="260" ind1=" " ind2=" ">
    <subfield code="a">&#x130;stanbul : </subfield>
    <subfield code="b">Demokrasi Kitapl&#x131;&#x11F;&#x131;, </subfield>
    <subfield code="c">1999.</subfield>
  </datafield>
  <datafield tag="300" ind1=" " ind2=" ">
    <subfield code="a">512 s. ; </subfield>
    <subfield code="c">22 sm.</subfield>
  </datafield>
  <datafield tag="490" ind1="0" ind2=" ">
    <subfield code="a">Demokrasi Kitapl&#x131;&#x11F;&#x131;,</subfield>
    <subfield code="a">A&#xE7;&#x131;l&#x131;mlar dizisi ; </subfield>
    <subfield code="v">1.</subfield>
  </datafield>
  <datafield tag="504" ind1=" " ind2=" ">
    <subfield code="a">Kaynak&#xE7;a b&#xF6;l&#xFC;m sonlar&#x131;ndad&#x131;r.</subfield>
  </datafield>
  <datafield tag="650" ind1=" " ind2="0">
    <subfield code="9">817</subfield>
    <subfield code="a">sosyal demokrasi</subfield>
  </datafield>
  <datafield tag="700" ind1=" " ind2=" ">
    <subfield code="9">7034</subfield>
    <subfield code="a">Benhabib, Seyla</subfield>
    <subfield code="e">yay. haz.</subfield>
  </datafield>
  <datafield tag="700" ind1=" " ind2=" ">
    <subfield code="9">7035</subfield>
    <subfield code="a">G&#xFC;rata, Zeynep</subfield>
    <subfield code="e">&#xE7;ev.</subfield>
  </datafield>
  <datafield tag="700" ind1=" " ind2=" ">
    <subfield code="9">7036</subfield>
    <subfield code="a">G&#xFC;rsel, Cem</subfield>
    <subfield code="e">&#xE7;ev.</subfield>
  </datafield>
  <datafield tag="740" ind1=" " ind2=" ">
    <subfield code="a">siyasal d&#xFC;zenin s&#x131;n&#x131;rlar&#x131;n&#x131;n tart&#x131;&#x15F;maya a&#xE7;&#x131;lmas&#x131;</subfield>
  </datafield>
  <datafield tag="942" ind1=" " ind2=" ">
    <subfield code="2">ddc</subfield>
    <subfield code="c">BKS</subfield>
  </datafield>
</record>
